|
|
|
|
| LEADER |
01280nam a22003254a 4500 |
| 001 |
40426 |
| 003 |
BD-DhAAL |
| 005 |
20230111155928.0 |
| 008 |
230111t2004 dcua b i000 0 eng |
| 010 |
|
|
|a 2004043841
|
| 020 |
|
|
|a 0821350706
|
| 040 |
|
|
|a DLC
|c DLC
|d DLC
|d BD-DhAAL
|
| 042 |
|
|
|a pcc
|
| 082 |
0 |
0 |
|a 363.6
|2 22
|
| 100 |
1 |
|
|a Kessides, Ioannis Nicolaos.
|9 53336
|
| 245 |
1 |
0 |
|a Reforming infrastructure :
|b privatization, regulation, and competition.
|
| 260 |
|
|
|a Washington, DC :
|b World Bank ;
|a [New York, NY.] :
|b Oxford University Press,
|c c2004.
|
| 300 |
|
|
|a xv, 306 pages :
|b illustrations ;
|c 24 cm.
|
| 490 |
|
|
|a A World Bank policy research report
|
| 504 |
|
|
|a Includes bibliographical references (p. 279-306).
|
| 541 |
|
|
|a Donated By Akbar Ali Khan
|e 40426
|
| 650 |
|
0 |
|a Public utilities.
|9 53337
|
| 650 |
|
0 |
|a Privatization.
|
| 650 |
|
0 |
|a Public utilities
|x Government policy.
|9 53338
|
| 650 |
|
0 |
|a Infrastructure (Economics)
|
| 710 |
2 |
|
|a World Bank.
|
| 852 |
|
|
|a Ayesha Abed Library
|c Akbar Ali Khan Collection
|
| 942 |
|
|
|2 ddc
|c BK
|
| 999 |
|
|
|c 45445
|d 45445
|
| 952 |
|
|
|0 0
|1 0
|2 ddc
|4 0
|6 363_600000000000000_KES
|7 1
|9 72860
|a BRACUL
|b BRACUL
|c AAKC
|d 2023-01-11
|e Donated by Akbar Ali Khan
|g 2993.92
|l 0
|o 363.6 KES
|p 3010040426
|r 2023-01-11
|t 1
|v 2993.92
|w 0000-00-00
|y BK
|x £26.50
|